000 01036nam a22002777a 4500
005 20240530110451.0
008 150510s2012 ua g b 000 0 ara d
017 _a2012/2151
_bمصر . دار الكتب المصرية
020 _a9789774312478
040 _aEG-CaGPL
082 0 4 _221
_a371.358\
_bأ ت
100 0 _aايمن يسن
245 1 0 _aالتعليم الالكترونى و الاعلام الجديد /
_cايمن يسن
250 _aط1
260 _aالقاهرة :
_bمؤسسة طيبة للنشر و التوزيع ،
_c2012 .
300 _a261 ص ؛
_c24 سم .
490 _aسلسلة طيبة التربوية
504 _aيشتمل على ارجاعات ببليوجرافية
650 0 4 _aالتعليم الالكترونى
650 0 4 _aالتعليم
_xوسائل سمعية و بصرية
650 0 4 _aالاعلام
650 0 4 _aتكنولوجيا الاتصال
650 0 4 _aتكنولوجيا التعليم
942 _2ddc
_cBK
999 _c61243
_d61243